000 00429nam a2200169 a 4500
001 0000-9328
003 ELIB.Books
008 110520 1945
035 _a(ELIB.Books)0000-9480
082 _a248
_bGil
100 _aGilkey, James Gordon
245 _aWhen Life Get Hard
260 _bNew York; The Macmillan Company
_c1945
650 _aChristian Life
942 _2ddc
_cBK
998 _cbat
_e2011-05-20
999 _c9328
_d9328